| 000 | 00739nam a2200229 u 4500 | ||
|---|---|---|---|
| 005 | 20220610063502.0 | ||
| 008 | 130606s2004 es r 000 0 spa d | ||
| 020 | _a8426134238 | ||
| 035 | _aUPN01000191511 | ||
| 049 | _aCG | ||
| 050 | 4 |
_aG875 S3.5 _bF5.2 |
|
| 100 | 1 |
_aFiennes, Ranulph, _cSir, _d1944- _933922 |
|
| 245 | 1 | 0 |
_aCapitán Scott / _cRanulph Fiennes ; tr. Alistair Tremp. |
| 260 |
_aBarcelona, Esp. : _bJuventud, _c2004. |
||
| 300 |
_a518 p. : _bil. col., mapas |
||
| 534 |
_pTítulo original: _tCaptain Scott |
||
| 600 | 1 | 4 |
_aSCOTT, ROBERT FALCON, _d1868-1912 _922181 |
| 651 | 4 |
_aREGIONES ANTARTICAS - _xDESCUBRIMIENTO Y EXPLORACION _922179 |
|
| 650 | 0 |
_aViajes y travesías _911045 |
|
| 905 | _aLibro | ||
| 999 |
_c163614 _d163614 |
||